| 000 -LEADER |
| fixed length control field |
00342nam a22001217a 4500 |
| 008 - FIXED-LENGTH DATA ELEMENTS--GENERAL INFORMATION |
| fixed length control field |
250227b ||||| |||| 00| 0 eng d |
| 020 ## - INTERNATIONAL STANDARD BOOK NUMBER |
| International Standard Book Number |
1904613896 |
| 082 ## - DEWEY DECIMAL CLASSIFICATION NUMBER |
| Classification number |
158 ENR |
| 100 ## - MAIN ENTRY--PERSONAL NAME |
| Personal name |
ENRIGHT,DOMINIC |
| Relator term |
AUTHOR |
| 245 ## - TITLE STATEMENT |
| Title |
HOW TO BE THE BEST @ EEVRYTHING |
| 260 ## - PUBLICATION, DISTRIBUTION, ETC. |
| Place of publication, distribution, etc. |
9 LION YARD,TREMADOC ROAD,LONDON SW4 7NQ |
| Name of publisher, distributor, etc. |
BUSTER BOOKS |
| Date of publication, distribution, etc. |
2004 |
| 942 ## - ADDED ENTRY ELEMENTS (KOHA) |
| Source of classification or shelving scheme |
|